000 00683nam a2200217 i 4500
001 bg
100 1 _aKULICKI, Jacek
245 1 0 _aKoszty uzyskania przychodów w podatkach dochodowych z uwzględnieniem orzecznictwa /
_cJacek Kulicki.
250 _aStan prawny na dzień 1 sierpnia 1999 r.
260 _aGdańsk :
_bOśrodek Doradztwa i Doskonalenia Kadr,
_c1999.
300 _a319 s. ;
_c24 cm.
504 _aBibliogr.
650 9 _aKoszty uzyskania przychodu
_xprawo
_zPolska
_ystan na 1999 r.
020 _a8371872550
040 _cBPK
041 0 _apl
080 _a336.226.1(438)
920 _a83-71872-55-0
942 _cKS
008 s pl f |000 0 pol
999 _c35406
_d35406
856 _uhttp://koha.tu.koszalin.pl/cgi-bin/koha/opac-detail.pl?biblionumber=35406
_yKatalog online BPK